000 00538nam a2200205Ia 4500
003 LK-CoDNM
005 20240430100320.0
008 010623t1956 xxu||||| |||| 00| 1 sin d
040 _aLK-CoDNM
_dLK-CoDNM
_eLK-CoDNM
041 _asin
080 _aට17
100 _aAbeywardhana,K.H
245 _aලාක්ෂා කර්මාන්තය
246 _aLaakshaa Karmaanthaya
260 _bSwabhaashaa Department
_aColombo
_c1956
300 _b90P.,20 cm
650 _aIndustrys
700 _aSomarathne,H.M
942 _cBK
999 _c104299
_d104299